000 00650nam a2200241Ia 4500
005 20260430150416.0
008 008 250103s9999 xx 000 0 eng d
037 _aTheses
040 _aCRL
040 _beng
040 _ceng
041 _2eng
041 _aeng
084 _qCRL
100 _aGupta Gauri Au.; Singh Daljit Gu.
_91237411
245 0 _aChanging Pattern of International Trade: A Comparative Study of Trade Blocks
260 _c2023
300 _a106p.
650 _aGeography
700 _aUniversity of Delhi. Faculty of Social Sciences. Deptt. of Geography
_91237405
942 _cDIS
999 _c1849710
_d1849710